Vom Iteru-Maß bis zu Miriam bei Marc Chagall: Festschrift für Claudia Nauerth zum 75. Geburtstag
| Contributors: | ; ; ; ; |
|---|---|
| Format: | Print Book |
| Language: | German |
| Subito Delivery Service: | Order now. |
| Check availability: | HBZ Gateway |
| WorldCat: | WorldCat |
| Interlibrary Loan: | Interlibrary Loan for the Fachinformationsdienste (Specialized Information Services in Germany) |
| Published: |
Berlin Münster
Lit
[2020]
|
| In: |
Bibelstudien (Band 20)
Year: 2020 |
| Series/Journal: | Bibelstudien
Band 20 |
| Further subjects: | B
Nauerth, Claudia 1941-
B Festschrift |
| Online Access: |
Table of Contents |
| Parallel Edition: | Electronic
|
MARC
| LEADER | 00000cam a2200000 c 4500 | ||
|---|---|---|---|
| 001 | 1735966770 | ||
| 003 | DE-627 | ||
| 005 | 20240818194527.0 | ||
| 007 | tu | ||
| 008 | 201019s2020 gw ||||| 00| ||ger c | ||
| 020 | |a 9783643141736 |9 978-3-643-14173-6 | ||
| 035 | |a (DE-627)1735966770 | ||
| 035 | |a (DE-599)KXP1735966770 | ||
| 035 | |a (OCoLC)1226606050 | ||
| 040 | |a DE-627 |b ger |c DE-627 |e rda | ||
| 041 | |a ger | ||
| 044 | |c XA-DE | ||
| 082 | 0 | 4 | |a 930 |a 220 |a 740 |q DE-101 |
| 084 | |a ALT-AY |q DE-16 |2 fid | ||
| 084 | |a LE 3240 |2 rvk |0 (DE-625)rvk/90731:13704 | ||
| 084 | |a EO 1940 |2 rvk |0 (DE-625)rvk/25550: | ||
| 084 | |a BB 1850 |2 rvk |0 (DE-625)rvk/9170: | ||
| 084 | |a BO 9000 |2 rvk |0 (DE-625)rvk/14829: | ||
| 245 | 0 | 0 | |a Vom Iteru-Maß bis zu Miriam bei Marc Chagall |b Festschrift für Claudia Nauerth zum 75. Geburtstag |c Bernd Jørg Diebner, Beatrice Huber, Renate Rosenthal-Heginbottom, Stephan Westphalen (Hg.) |
| 264 | 1 | |a Berlin |a Münster |b Lit |c [2020] | |
| 300 | |a ii, 279 Seiten |b Illustrationen | ||
| 336 | |a Text |b txt |2 rdacontent | ||
| 337 | |a ohne Hilfsmittel zu benutzen |b n |2 rdamedia | ||
| 338 | |a Band |b nc |2 rdacarrier | ||
| 490 | 1 | |a Bibelstudien |v Band 20 | |
| 583 | 1 | |a Archivierung/Langzeitarchivierung gewährleistet |f FID |x XA-DE-BW |2 pdager |5 DE-16 | |
| 601 | |a Chagall, Marc | ||
| 601 | |a Festschrift | ||
| 601 | |a Geburtstag | ||
| 655 | 7 | |a Festschrift |0 (DE-588)4016928-5 |0 (DE-627)104400986 |0 (DE-576)208917802 |2 gnd-content | |
| 700 | 1 | |e HerausgeberIn |0 (DE-588)121104788 |0 (DE-627)081089937 |0 (DE-576)164501029 |4 edt |a Diebner, Bernd Jörg |d 1939-2023 | |
| 700 | 1 | |e HerausgeberIn |0 (DE-588)1224486358 |0 (DE-627)1743900260 |4 edt |a Huber, Beatrice | |
| 700 | 1 | |e HerausgeberIn |0 (DE-588)1126584045 |0 (DE-627)881139858 |0 (DE-576)484574469 |4 edt |a Rosenthal-Heginbottom, Renate |d 1944- | |
| 700 | 1 | |e HerausgeberIn |0 (DE-588)1020239735 |0 (DE-627)691153582 |0 (DE-576)179478486 |4 edt |a Westphalen, Stephan |d 1961- | |
| 700 | 1 | |e GefeierteR |0 (DE-588)1054441499 |0 (DE-627)791528146 |0 (DE-576)162348940 |4 hnr |a Nauerth, Claudia |d 1941- | |
| 776 | 1 | |z 9783643141730 |c (PDF) | |
| 776 | 0 | 8 | |i Erscheint auch als |n Online-Ausgabe |t Vom Iteru-Maß bis zu Miriam bei Marc Chagall |d Berlin : LIT Verlag, 2020 |h Online-Ressource (292 Seiten) |w (DE-627)1736050052 |z 9783643141736 |k Electronic |
| 830 | 0 | |a Bibelstudien |v Band 20 |9 20 |w (DE-627)509004318 |w (DE-576)252658124 |w (DE-600)2225462-6 |7 am | |
| 856 | 4 | 2 | |u https://d-nb.info/1221558889/04 |m B:DE-101 |q application/pdf |v 2021-02-17 |x Verlag |3 Inhaltsverzeichnis |7 1 |
| 935 | |a mteo | ||
| 936 | r | v | |a LE 3240 |b na - nc |k Klassische Archäologie |k Handbücher und Sammelwerke |k Festschriften und Gedenkschriften |k für Einzelpersonen |k na - nc |0 (DE-627)1271902672 |0 (DE-625)rvk/90731:13704 |0 (DE-576)201902672 |
| 936 | r | v | |a EO 1940 |b Festschriften |k Allgemeine und vergleichende Sprach- und Literaturwissenschaft. Indogermanistik. Außereuropäische Sprachen und Literaturen |k Ägyptische Sprache und Literatur |k Allgemeines |k Festschriften |0 (DE-627)1271322803 |0 (DE-625)rvk/25550: |0 (DE-576)201322803 |
| 936 | r | v | |a BB 1850 |b Festschriften für Personen |k Theologie und Religionswissenschaften |k Allgemeines zur Theologie |k Sammelwerke |k Festschriften für Personen |0 (DE-627)1270653539 |0 (DE-625)rvk/9170: |0 (DE-576)200653539 |
| 936 | r | v | |a BO 9000 |b Gesamtdarstellungen |k Theologie und Religionswissenschaften |k Patrologie und Kirchengeschichte |k Christliche Archäologie und Kunstgeschichte |k Allgemeines |k Gesamtdarstellungen |0 (DE-627)1270751948 |0 (DE-625)rvk/14829: |0 (DE-576)200751948 |
| 951 | |a BO | ||
| ACO | |a 1 | ||
| ELC | |b 1 | ||
| ITA | |a 1 | ||
| LOK | |0 000 xxxxxcx a22 zn 4500 | ||
| LOK | |0 001 3927670898 | ||
| LOK | |0 003 DE-627 | ||
| LOK | |0 004 1735966770 | ||
| LOK | |0 005 20210525170109 | ||
| LOK | |0 008 210512||||||||||||||||ger||||||| | ||
| LOK | |0 040 |a DE-21-11 |c DE-627 |d DE-21-11 | ||
| LOK | |0 541 |e Y2021-078 | ||
| LOK | |0 852 |a DE-21-11 | ||
| LOK | |0 852 1 |c ÄGY Sb Naue 1 |m p |9 00 | ||
| LOK | |0 935 |a aegy | ||
| LOK | |0 938 |a 2105 | ||
| LOK | |0 938 |k p | ||
| LOK | |0 939 |a 12-05-21 |b l01 | ||
| LOK | |0 000 xxxxxcx a22 zn 4500 | ||
| LOK | |0 001 3939251216 | ||
| LOK | |0 003 DE-627 | ||
| LOK | |0 004 1735966770 | ||
| LOK | |0 005 20210617231318 | ||
| LOK | |0 008 210612||||||||||||||||ger||||||| | ||
| LOK | |0 040 |a DE-Tue135 |c DE-627 |d DE-Tue135 | ||
| LOK | |0 092 |o n | ||
| LOK | |0 852 |a DE-Tue135 | ||
| LOK | |0 852 1 |9 00 | ||
| LOK | |0 935 |a ixbt | ||
| LOK | |0 939 |a 12-06-21 |b l01 | ||
| ORI | |a SA-MARC-ixtheoa001.raw | ||
| REL | |a 1 | ||
| SPR | |a 1 |t IXT | ||
| SUB | |a REL | ||



